000
00253nam a2200109Ia 4500
008
230907s9999||||xx |||||||||||||| ||und||
082
_a
620
_b
PAS
245
0
_a
Axial fan design :
260
_a
VDM,
_b
Deutchland :
_c
2009
300
_a
124 p.
942
_c
BK
999
_c
601189
_d
601189